Philippine nursing law : (Record no. 17675)
[ view plain ]
| 000 -LEADER | |
|---|---|
| fixed length control field | 00599nam a22002417a 4500 |
| 003 - CONTROL NUMBER IDENTIFIER | |
| control field | OSt |
| 005 - DATE AND TIME OF LATEST TRANSACTION | |
| control field | 20140310182939.0 |
| 008 - FIXED-LENGTH DATA ELEMENTS--GENERAL INFORMATION | |
| fixed length control field | 130201t xxu||||| |||| 00| 0 eng d |
| 020 ## - INTERNATIONAL STANDARD BOOK NUMBER | |
| International Standard Book Number | 9715131611 |
| 050 ## - LIBRARY OF CONGRESS CALL NUMBER | |
| Classification number | KPM 1079 |
| Item number | .R63 2001 |
| 100 ## - MAIN ENTRY--PERSONAL NAME | |
| Personal name | Robles, Gonzalo. |
| 245 ## - TITLE STATEMENT | |
| Title | Philippine nursing law : |
| Remainder of title | jurisprudence and ethics / |
| Statement of responsibility, etc | Gonzalo Robles |
| 260 ## - PUBLICATION, DISTRIBUTION, ETC. (IMPRINT) | |
| Place of publication, distribution, etc | Manila : |
| Name of publisher, distributor, etc | Professionals, |
| Date of publication, distribution, etc | 2001. |
| 300 ## - PHYSICAL DESCRIPTION | |
| Extent | xxii, 516 p. : |
| Dimensions | 23 cm. |
| 521 ## - TARGET AUDIENCE NOTE | |
| Target audience note | |
| 562 ## - COPY AND VERSION IDENTIFICATION NOTE | |
| Number of copies | 5 |
| 942 ## - ADDED ENTRY ELEMENTS (KOHA) | |
| Source of classification or shelving scheme | Library of Congress Classification |
| Koha item type | Books |
| Call number prefix | Local |
| Withdrawn status | Lost status | Source of classification or shelving scheme | Damaged status | Home library | Current library | Shelving location | Date acquired | Source of acquisition | Total Checkouts | Total Renewals | Full call number | Barcode | Date last seen | Date checked out | Copy number | Price effective from | Koha item type |
|---|---|---|---|---|---|---|---|---|---|---|---|---|---|---|---|---|---|
| Library of Congress Classification | Archives | Archives | 12/14/2013 | Donation | KPM 1079 .R63 2001 | C6427 | 05/08/2018 | 3 | 12/14/2013 | Books | |||||||
| Library of Congress Classification | Archives | Archives | 12/14/2013 | Donation | KPM 1079 .R63 2001 | C6428 | 05/08/2018 | 4 | 12/14/2013 | Books | |||||||
| Library of Congress Classification | Archives | Archives | 12/14/2013 | Donation | KPM 1079 .R63 2001 | C6429 | 05/08/2018 | 5 | 12/14/2013 | Books | |||||||
| Library of Congress Classification | College Library | College Library | Filipiniana Section | 12/14/2013 | Donation | 1 | 2 | KPM 1079 .R63 2001 | C3860 | 08/02/2025 | 03/17/2025 | 1 | 12/14/2013 | Books | |||
| Library of Congress Classification | College Library | College Library | Filipiniana Section | 12/14/2013 | Donation | KPM 1079 .R63 2001 | C3861 | 05/08/2018 | 2 | 12/14/2013 | Books |